000 00501cam a2200169 4500500
005 20260405002140.0
041 _afre
042 _adc
100 1 0 _ade Oliveira, Victorine
_eauthor
245 0 0 _aContact
260 _c2016.
500 _a93
690 _aattention
690 _aMatthew Crawford
786 0 _nPhilosophie magazine | 97 | 3 | 2016-03-01 | p. 52-52 | 1951-1787
856 4 1 _uhttps://shs.cairn.info/magazine-philosophie-magazine-2016-3-page-52?lang=fr&redirect-ssocas=7080
999 _c2054776
_d2054776